Die stoische Logik / (Record no. 170045)

MARC details
000 -LEADER
campo de control de longitud fija 00937nam a2200253 i 4500
001 - NÚMERO DE CONTROL
campo de control 170045
003 - IDENTIFICADOR DE NÚMERO DE CONTROL
campo de control ES-MaACL
005 - FECHA Y HORA DE LA ÚLTIMA TRANSACCIÓN
campo de control 20230906214254.0
008 - DATOS DE LONGITUD FIJA--INFORMACIÓN GENERAL
campo de control de longitud fija 090119s1974 gw |||| | ger d
020 ## - NÚMERO INTERNACIONAL ESTÁNDAR DEL LIBRO
Número Internacional Estándar del Libro 3-525-82354-1
080 ## - NÚMERO DE LA CLASIFICACIÓN DECIMAL UNIVERSAL
Número de la Clasificación Decimal Universal 17.036.2
100 1# - ENTRADA PRINCIPAL--NOMBRE DE PERSONA
Nombre de persona Frede, Michael.
9 (RLIN) 139197
245 14 - MENCIÓN DEL TÍTULO
Título Die stoische Logik /
Mención de responsabilidad, etc. von Michael Frede.
260 ## - PUBLICACIÓN, DISTRIBUCIÓN, ETC.
Lugar de publicación, distribución, etc. Göttingen :
Nombre del editor, distribuidor, etc. Vandenhoeck & Ruprecht,
Fecha de publicación, distribución, etc. 1974.
300 ## - DESCRIPCIÓN FÍSICA
Extensión 224 p. ;
Dimensiones 25 cm.
490 1# - MENCIÓN DE SERIE
Mención de serie Abhandlungen der Akademie der Wissenschaften in Göttingen. Philologisch-historische klasse, dritte folge ;
Designación de volumen o secuencia 88
500 ## - NOTA GENERAL
Nota general Índices.
504 ## - NOTA DE BIBLIOGRAFÍA, ETC.
Nota de bibliografía, etc. Bibliografía.
650 04 - PUNTO DE ACCESO ADICIONAL DE MATERIA--TÉRMINO DE MATERIA
Término de materia o nombre geográfico como elemento de entrada Estoicismo.
9 (RLIN) 12555
650 04 - PUNTO DE ACCESO ADICIONAL DE MATERIA--TÉRMINO DE MATERIA
Término de materia o nombre geográfico como elemento de entrada Estoicos.
9 (RLIN) 12556
830 0# - PUNTO DE ACCESO ADICIONAL DE SERIE-TÍTULO UNIFORME
Título uniforme Abhandlungen der Akademie der Wissenschaften in Göttingen. Philologisch-historische klasse, dritte folge ;
Designación de volumen o secuencia 88
9 (RLIN) 222947
852 4# - LOCALIZACIÓN
Ubicación ES-MaACL
Número de control de estantería E-12387
itemnumber R.140545
Nota libre . - Biblioteca Jacinto Martínez Lacalle
Holdings
Estatus retirado Estado de pérdida Estado de daño No para préstamo Biblioteca de origen Biblioteca actual Ubicación en estantería Fecha de adquisición Fuente de adquisición Total de préstamos Signatura topográfica completa Código de barras Visto por última vez Precio de reemplazo Tipo de ítem Koha
        Biblioteca del Ateneo de Madrid Biblioteca del Ateneo de Madrid Depósito 2 19/01/2009     E-12387 1178519 23/02/2023 23/02/2023 Libro impreso